Loading...
Beliefs | 0 | 3 | 2 | 2 | 20 | 118 | 133.00 | 0 | 3 |
Literature - British Literature | 0 | 2 | 0 | 0 | 20 | 98 | 111.50 | 1 | 1 |
Social Science | 0 | 3 | 2 | 0 | 20 | 68 | 97.00 | 2 | 3 |
History - European History | 0 | 1 | 0 | 0 | 10 | 80 | 80.00 | 0 | 0 |
Philosophy | 0 | 3 | 4 | 1 | 10 | 110 | 128.00 | 0 | 1 |
Science - Biology | 0 | 1 | 0 | 0 | 10 | 93 | 93.00 | 0 | 1 |
History - American History | 0 | 1 | 0 | 0 | 10 | 102 | 102.00 | 0 | 0 |
Literature - World Literature | 0 | 1 | 0 | 0 | 10 | 91 | 91.00 | 0 | 1 |
Other Academic | 0 | 1 | 0 | 0 | 10 | 76 | 76.00 | 0 | 1 |
Literature - European Literature | 0 | 1 | 1 | 0 | 5 | 124 | 124.00 | 0 | 1 |
Science - Other Science | 0 | 0 | 1 | 0 | -5 | 0.00 | 0 | 0 | |
History - Ancient History | 0 | 0 | 2 | 0 | -10 | 0.00 | 0 | 0 |